01280nam a22002297a 4500001000500000005001700005008004100022020001800063040002900081050001500110082001100125100001900136245002800155250006700183260003700250300003300287505000600320520068000326521001801006521001801024650000801042134620230818114842.0230818b cb ||||| |||| 00| 0 eng d a9781847805072 aFISKHbengcFISKHdFISKH aPZ7.M82818 a823.92 aMorris, Jackie aI am catcJackie Morris aThis edition first published in Great Britain and the USA 2014 aLondon :bFrances Lincoln,c2012 a24 unnumbered pages :c15 cm aB aA cat sleeps, curled up in a warm place, and while it sleeps it dreams. . . of being a tiger, flame cat of the forest; a cheetah - fast as the wind on the African plains; a lion, lounging through the heat of the day, tangled in sunshine on the African savannah; a jaguar, perfectly camouflaged deep in the jungle. And the cat dreams of being a lynx, a puma, a snow leopard, a Scottish wild cat, an Asian fishing cat, and the rare Amur leopard. Finally Cat wakes, a domestic cat again, telling his dreams to the child who is stroking him. Ten wild habitats, ten wild cats and one domestic cat are dramatically and beautifully illustrated in this unique celebration of the cat. a140 bLexile aB bRaz-Plus 2Cat